[Event "Bahrain"]
[Site "Bahrain"]
[Date "1990.??.??"]
[Round "2"]
[White "Bellon Lopez, Juan Manuel"]
[Black "Afifi, Assem"]
[Result "1/2-1/2"]
[WhiteElo "2445"]
[BlackElo "2405"]
[Annotator "Schussler,H"]
[PlyCount "46"]
[EventDate "1990.??.??"]
[EventType "tourn"]
[EventRounds "11"]
[EventCountry "BAH"]
[EventCategory "7"]
[SourceTitle "CBM 020"]
[Source "ChessBase"]
[SourceDate "1991.02.01"]
[SourceVersion "1"]
[SourceVersionDate "1991.02.01"]
[SourceQuality "1"]

1. d4 g6 2. c4 Bg7 3. Nc3 f5 4. g3 Nf6 5. Bg2 O-O 6. Nh3 d6 7. Bg5 c6 8. Qb3 h6
9. Bxf6 Bxf6 10. Rd1 Qe8 11. O-O e5 12. dxe5 dxe5 13. f4 e4 14. Nf2 Na6 15. e3
Qe7 16. Ne2 Be6 17. Nd4 Nc5 {17. - Bf7 =+} 18. Qc2 Rfd8 19. Nxe6 Nxe6 20. Bh3
Ng7 21. b3 Rxd1 22. Rxd1 Rd8 23. Kf1 h5 1/2-1/2

[Event "Belgrade Investbank"]
[Site "Belgrade"]
[Date "1991.??.??"]
[Round "?"]
[White "Seirawan, Yasser"]
[Black "Gurevich, Mikhail"]
[Result "1-0"]
[WhiteElo "2615"]
[BlackElo "2630"]
[Annotator "Schussler,H"]
[PlyCount "65"]
[EventDate "1991.11.??"]
[EventType "tourn"]
[EventRounds "11"]
[EventCountry "YUG"]
[EventCategory "15"]
[SourceTitle "CBM 027"]
[Source "ChessBase"]
[SourceDate "1992.04.01"]
[SourceVersion "1"]
[SourceVersionDate "1992.04.01"]
[SourceQuality "1"]

1. d4 f5 2. g3 Nf6 3. Bg2 g6 4. c4 Bg7 5. Nh3 c6 (5... d6 6. Nc3 O-O 7. d5 Na6
8. Nf4 e5 9. dxe6 c6 10. h4 $5 Nc5 11. h5 gxh5 12. Nxh5 $6 Nxh5 13. Rxh5 Bxe6 {
Spassky,B-Santo Roman,M (CBM 27 game 341)}) 6. Nf4 d6 7. d5 e5 8. dxe6 Qe7 9.
Nd2 $1 {This is possible only because White didn`t play the usual early Nc3.}
O-O 10. O-O Bxe6 11. Nxe6 Qxe6 12. Rb1 $1 Nbd7 13. b4 $14 Nb6 14. c5 {14.Qc2}
Nbd5 15. Bb2 Rad8 16. Qb3 Nc7 17. cxd6 Rxd6 18. Nc4 Rd7 19. a4 Ng4 20. h3 Nf6
21. b5 Ne4 22. Bxg7 Kxg7 23. Qb2+ {23.bxc6} Kh6 24. Qc1+ Kg7 25. Qb2+ Rf6 26.
Rfc1 Kh6 27. bxc6 bxc6 28. Bxe4 fxe4 29. Ne5 Qxh3 $2 {Miscalculation} 30. Nxd7
$1 Rf5 {There is no mate} 31. Qd2+ $1 Kg7 32. Qd4+ Kh6 33. Qe3+ {33...Kg7 34.
Qe4} 1-0

[Event "Dortmund op-A"]
[Site "Dortmund"]
[Date "1992.??.??"]
[Round "11"]
[White "Boensch, Uwe"]
[Black "Zysk, Robert"]
[Result "1/2-1/2"]
[WhiteElo "2500"]
[BlackElo "2390"]
[Annotator "Schussler,H"]
[PlyCount "136"]
[EventDate "1992.04.??"]
[EventType "swiss"]
[EventRounds "11"]
[EventCountry "GER"]
[SourceTitle "CBM 029"]
[Source "ChessBase"]
[SourceDate "1992.08.01"]
[SourceVersion "1"]
[SourceVersionDate "1992.08.01"]
[SourceQuality "1"]

1. d4 f5 2. g3 Nf6 3. Bg2 g6 4. c4 Bg7 5. Nh3 O-O 6. O-O d6 7. d5 Na6 8. Nf4
Nc5 9. Nc3 e5 10. dxe6 c6 11. Qc2 Nxe6 12. Rd1 (12. b3 Qe7 13. Nxe6 Bxe6 14.
Ba3 Rad8 15. e3 {15.Tad1 +/=/=} Ne4 16. Nxe4 fxe4 17. Qxe4 $5 (17. Rac1 Bf5 18.
g4 $2 Bxg4 19. Qxe4 Qg5 $17 {Boensch,U-Reinemer,F. Dortmund op-A 1992 CBM 29
game 435}) 17... Bxa1 18. Rxa1 Qf6 $13) 12... Qe7 13. Nxe6 Bxe6 14. b3 Rad8 15.
Bb2 Qf7 16. e3 d5 17. cxd5 Nxd5 18. Nxd5 Bxb2 19. Qxb2 Bxd5 20. Qd4 $1 $14 a6
21. Qb6 Rd7 22. Bxd5 cxd5 23. Rac1 Rfd8 24. Rd4 Kg7 25. Qa5 Qe6 26. a4 Qd6 27.
Kg2 Kg8 28. h4 Re8 29. Qd2 Re4 30. Rc8+ Kf7 31. Rh8 Ke6 32. Rd3 Qc6 33. f3 Re5
34. Rc3 Qb6 35. a5 Qb5 36. Re8+ Re7 37. Rxe7+ Kxe7 38. Rc7+ Kd6 39. Rxh7 Qxb3
40. Rg7 Re6 41. e4 fxe4 42. fxe4 Rxe4 43. Qf2 Qe3 44. Qf8+ Ke5 45. Rxg6 Qd2+
46. Kh3 Kd4 $1 $13 47. Rg5 Qxa5 48. Qg7+ Ke3 49. Qxb7 Qe1 50. Qb3+ Ke2 51. Qa2+
Ke3 52. Qa3+ Ke2 53. Qxa6+ Ke3 54. Qa3+ Ke2 55. Qa2+ Ke3 56. Qb3+ Ke2 57. Qb5+
Ke3 58. Qb3+ Ke2 59. Qc2+ Ke3 60. Qb3+ Ke2 61. Qc2+ Ke3 62. Qg2 d4 63. Rf5 d3
64. Rf3+ Kd4 65. Qb2+ Kc4 66. Qa2+ Kb4 67. Qb2+ Kc4 68. Qa2+ Kb4 1/2-1/2

[Event "Biel Credis"]
[Site "Biel"]
[Date "1996.??.??"]
[Round "4"]
[White "Pelletier, Yannick"]
[Black "Lutz, Christopher"]
[Result "0-1"]
[WhiteElo "2440"]
[BlackElo "2565"]
[Annotator "Tsesarsky,I"]
[PlyCount "96"]
[EventDate "1996.07.22"]
[EventType "tourn"]
[EventRounds "11"]
[EventCountry "SUI"]
[EventCategory "10"]
[SourceTitle "CBM 055"]
[Source "ChessBase"]
[SourceDate "1996.12.01"]
[SourceVersion "1"]
[SourceVersionDate "1996.12.01"]
[SourceQuality "1"]

1. d4 f5 2. g3 Nf6 3. Bg2 g6 4. c4 Bg7 5. Nc3 O-O 6. Nh3 d6 7. d5 Na6 8. O-O
Nc5 9. Qc2 e5 (9... a5 10. b3 (10. Bd2 Bd7 11. Rad1 Qe8 12. Rfe1 c6 13. Nf4 Qf7
14. Bc1 Rac8 15. dxc6 bxc6 16. Nd3 Nce4 17. Na4 h6 18. Nb6 Rcd8 19. b3 Be8 20.
c5 Nd5 21. Nxd5 cxd5 22. Ba3 dxc5 23. Nxc5 Rc8 24. e3 Bb5 $15 {0-1 Pelletier,
Y-Zhu Chunhui/WchJM-U20 Halle (10) ;EXP 48 1995 (44)}) 10... e5 11. dxe6 c6 12.
Bb2 Qe7 13. Rad1 Bxe6 14. Ng5 h6 15. Nxe6 Qxe6 16. e3 Rad8 17. Ne2 Nfe4 18. Bd4
Rfe8 19. Nc3 b6 20. Qb2 Qf7 21. Ne2 Ne6 22. Bxg7 Qxg7 23. Qxg7+ Kxg7 $10 {
1/2-1/2 Van der Linden,L-Koch,J/NATO-ch (06) ;EXT 94ch 1994 (48)}) (9... Bd7
10. Be3 Nce4 11. Nxe4 Nxe4 12. Nf4 Nf6 13. Rad1 c5 14. dxc6 bxc6 15. Bc1 Qc7
16. b3 a5 17. e3 Rfb8 18. Ba3 Ra6 19. Rd2 c5 20. Bb2 Bc6 21. Bxc6 Qxc6 22. Bxf6
Bxf6 23. Nd5 $36 {1-0 Suba,M-Jensen,J/Sitges op ;EXT 94op 1994 (40)}) 10. dxe6
c6 11. Rd1 (11. b3 Qe7 12. Ba3 Bxe6 13. Rad1 Rad8 14. Ng5 Bc8 15. b4 Ne6 16.
Nxe6 Qxe6 17. Qb3 Ne4 18. Nxe4 fxe4 19. b5 Rfe8 20. e3 c5 21. Qa4 Qf7 $132 {
1/2-1/2 Christiansen,L-Reinderman,D/Wijk op 1993 (78)}) 11... Qe7 12. b3 Bxe6
13. Ng5 Bd7 14. Bb2 Rad8 15. e3 $6 (15. b4 Ne6 16. Nf3 $14) 15... Ng4 16. Nh3
$8 (16. Nf3 $2 Ne4 {[%csl Rf2]} 17. Nxe4 (17. Rf1 Nxc3 18. Bxc3 Nxe3 $19) (17.
Re1 Ngxf2 $17) 17... Bxb2 18. Qxb2 fxe4 19. Nd2 Nxf2 $17) 16... g5 17. Re1 h6
18. Rad1 Bc8 (18... a5 $132) 19. b4 Ne4 20. f4 (20. Nxe4 $6 fxe4 21. Bxg7 Kxg7
22. Bxe4 (22. Rd4 Ne5 $17 {[%csl Rf3][%cal Yc8h3]}) 22... Ne5 23. f4 Bxh3 24.
fxe5 Qxe5 $17) 20... Ngf6 {[%csl Ye4][%cal Rg2e4,Rc2e4,Rc3e4,Gf6e4,Gf5e4,Ge7e4]
} 21. Nxe4 Nxe4 22. Nf2 Bxb2 23. Qxb2 Nf6 $6 (23... Nxf2 $10) 24. Qd4 $14 (24.
e4 gxf4 25. exf5 Qf7 $132) 24... c5 $6 25. bxc5 (25. Qd2 $5) 25... dxc5 26. Qe5
$1 $8 (26. Qc3 Rxd1 27. Rxd1 Re8 $15 {[%csl Re3]}) 26... Qxe5 27. fxe5 Nh5 28.
Rd5 (28. Bd5+ $1 Kg7 29. e4 $5 fxe4 (29... f4 $2 30. g4) 30. Rxe4 Rde8 $14)
28... b6 29. Rd6 Rxd6 30. exd6 Rd8 31. Bd5+ (31. e4 $2 Rxd6 32. exf5 Nf6 $15)
31... Kg7 32. g4 $4 $17 (32. e4 $1 $16 fxe4 $2 (32... Rxd6 33. exf5 a6 (33...
Nf6 34. Re7+ Kh8 $1 (34... Kf8 35. Rf7+ Ke8 36. Be6 Nd7 37. Rg7 (37. Rh7 $2 Nf8
$17) 37... Kd8 38. Ng4 (38. h4 $14) 38... Rd1+ 39. Kf2 Rd2+ 40. Ke3 Rxa2 41.
Nxh6 Rxh2 42. Nf7+ Ke7 43. Nxg5+ $16) 35. Ne4 Nxe4 36. Bxe4 Ba6 37. Bd5 b5 38.
cxb5 Rxd5 (38... Bxb5 39. Be6 $132) 39. bxa6 Rxf5 40. Rxa7 Rf6 $10) 34. Re7+
Kf6 35. Rc7 Bxf5 36. g4 Bxg4 37. Nxg4+ Kf5 38. Bf3 $16) 33. Rxe4 Rxd6 34. Re7+
Kf6 (34... Kf8 35. Rh7 $1 Rd8 (35... Be6 36. Rxh6 Ng7 37. Ne4 Rxd5 38. cxd5
Bxd5 39. Nxg5 $16) (35... Bd7 36. Ne4 $16) 36. Rxa7 $16) 35. Re8 {[%csl Rc8]
[%cal Gf2e4]} Bf5 36. Rf8+ Ke5 37. g4 $16) 32... fxg4 33. e4 Rxd6 34. e5 Rd7
35. Ne4 (35. Be6 Rc7 36. Bxc8 Rxc8 37. Nxg4 Re8 $17) 35... Re7 $19 36. Nd6 Be6
37. Nb5 Nf4 38. Bxe6 Nxe6 39. Nd6 Nd4 40. Kf2 Kg6 41. Nc8 Re6 42. Nxa7 Nf3 43.
Re2 Nxe5 44. Kg3 h5 45. Nc6 h4+ 46. Kg2 Rxc6 47. Rxe5 Rd6 48. Re2 Kf5 0-1

[Event "Chebanenco Memorial 1st"]
[Site "Kishinev"]
[Date "1998.02.17"]
[Round "9"]
[White "Itkis, Boris"]
[Black "Chernov, Vadim A"]
[Result "1/2-1/2"]
[WhiteElo "2460"]
[BlackElo "2405"]
[Annotator "Tyomkin,D"]
[PlyCount "107"]
[EventDate "1998.02.09"]
[EventType "tourn"]
[EventRounds "9"]
[EventCountry "MDA"]
[EventCategory "12"]
[SourceTitle "CBM 064"]
[Source "ChessBase"]
[SourceDate "1998.06.02"]
[SourceVersion "1"]
[SourceVersionDate "1998.06.02"]
[SourceQuality "1"]

1. d4 f5 2. g3 Nf6 3. Bg2 g6 4. Nh3 Bg7 5. Nf4 d6 6. d5 c6 7. c4 Qa5+ $146 (
7... e5 8. dxe6 Qe7 (8... Na6 9. a4 {[%cal Ga1a3]} Qe7 10. Ra3 Ng4 11. O-O O-O
12. e4 Bxe6 13. Re1 Ne5 $132 {Arencibia,W-De la Riva,O/II Open, Ubeda ESP 1997/
1-0(23)}) 9. O-O (9. Nc3 O-O (9... Bxe6 $6 10. Nxe6 Qxe6 11. Bf4 O-O 12. Bxd6
Rd8 13. Qb3 Nbd7 14. c5 $16 {Vyzmanavin,A-Yilmaz,T/Kusadasi op 1990/1-0 (48)})
10. O-O Bxe6 11. Nxe6 Qxe6 12. Bf4 Qxc4 13. Rc1 Na6 14. b3 Qe6 15. Qxd6 Qxd6
16. Bxd6 Rfd8 {1/2-1/2 Ionescu,C-Mellado,J/Berga op 1995}) 9... Na6 10. Nd2 Nc5
11. b4 Nxe6 12. Nxe6 Bxe6 13. Bb2 O-O 14. b5 d5 15. bxc6 bxc6 16. cxd5 Bxd5 17.
Bxd5+ Nxd5 18. Bxg7 Kxg7 19. Qc2 $14 {Dorfman,J-Ochoa de Echaguen,F/Barcelona
1992/1/2-1/2(62)}) (7... O-O 8. O-O e5 9. dxe6 Na6 10. a4 Re8 11. Nc3 Bxe6 12.
Nxe6 Rxe6 13. a5 Qd7 14. Rb1 Nc5 15. b4 Nfe4 16. Na2 $14 {/= Romanishin,
O-Dolmatov,S/Polanica Zdroj 1991/1/2-1/2 (47)}) 8. Bd2 Qb6 9. Bc3 O-O 10. O-O (
10. Nd2 Na6 11. b4 $4 Nxb4 (11... Ng4 $17) 12. Rb1 Ng4 $19) 10... Na6 11. Nd2
Nc5 12. b4 Nce4 13. Nxe4 Nxe4 (13... fxe4 $5 14. a4 (14. Rb1 Bf5 {[%cal Ye4e3]}
) 14... e3 15. f3 $13) 14. Bxg7 Kxg7 15. Qd3 $14 (15. a3 a5) 15... Qxb4 16.
Rab1 Qa4 17. Bxe4 fxe4 18. Qxe4 Rf7 19. Ne6+ Kg8 (19... Bxe6 $2 20. dxe6 Rf6
21. Rxb7 $16) 20. Ng5 Rg7 21. Ne6 Rf7 22. Ng5 Rg7 23. g4 $1 {[%csl Rc8]} c5 24.
Rb3 $6 (24. Rb2 a6 {[%cal Gb7b5]} 25. h3 $14 {/+/-}) 24... Qxa2 25. Rh3 Qd2 26.
e3 Qe2 27. f3 Qb2 $2 (27... Kh8 $1 28. Nxh7 Rxh7 29. Rxh7+ Kxh7 30. Qxe7+ Kg8
31. Qe8+ $11) {[%tqu "En","","","","h3h7","",10]} 28. Rxh7 $1 Qf6 (28... Rxh7
$2 29. Qxg6+ Qg7 30. Qe8+ Qf8 31. Qxf8+ Kxf8 32. Nxh7+ $18) 29. Rxg7+ Kxg7 30.
h4 {[%csl Rg7] White pieces coordinated much better in this position and black
king is vulnerable.} Bd7 31. Rb1 b6 32. Kg2 Re8 33. Qc2 Rh8 34. Rh1 b5 35. Ne4
Qf7 36. Qb2+ Kg8 37. Ng5 Qg7 38. Qa3 Qe5 39. Qxa7 $18 Bc8 (39... Qb2+ 40. Kg3 (
40. Kh3 Qf2 41. Qa8+ Kg7 42. Qa1+ $11) 40... Qe5+ 41. f4 $1 Qxe3+ 42. Nf3 $18)
40. Qb8 $2 (40. Qc7 $1 Kg7 41. cxb5 Qxe3 42. Ne6+ Kf6 43. g5+ Ke5 44. Qxe7 $18)
40... Kg7 41. Qxb5 Qxe3 42. Qb2+ Qd4 43. Qxd4+ cxd4 44. Re1 $2 (44. Ra1 $5 Rxh4
45. Ra8 Rh8 (45... Bxg4 $2 46. Kg3) (45... d3 46. Ne4 Rh8 47. Kf2 {[%cal Gf2e3]
}) 46. Kf2 Kf6 47. f4) (44. Rd1 $142 Ba6 45. Rxd4 $16) (44. Kg3 $142 Ba6 45.
Rd1 Bxc4 46. Rxd4 $16) 44... Rxh4 45. Rd1 Kf6 46. Kg3 Rh8 47. f4 $2 (47. Kf4
$142 Rh2 (47... Ba6 48. Rxd4 Rc8 {[%tqu "En","","","","c4c5","",10]} 49. c5 $3
dxc5 50. Re4 $18 {[%cal Ge4e6]}) 48. Rxd4 Rc2 49. Ne4+ Kg7 50. Kg5 Ba6 51. Nd2
$16 {[%cal Gf3f4]}) 47... Bd7 48. Rxd4 Rh1 49. Nf3 Rc1 {[%csl Rc4,Rg4] Black
has good chances to save the game:Pc4,Pg4 are week,and pieces are
discoordinated.After the next move black forces a draw immediatly.} 50. f5 gxf5
51. Rf4 Rc3 52. Kf2 e5 53. dxe6 Bxe6 54. Nd4 (54. Nd4 Rxc4 $11) 1/2-1/2

[Event "Santo Antonio 4th"]
[Site "Santo Antonio"]
[Date "2001.05.22"]
[Round "4"]
[White "Fernandes, Antonio ETG"]
[Black "Fernando, Diogo"]
[Result "1-0"]
[WhiteElo "2465"]
[BlackElo "2404"]
[Annotator "Tyomkin,D"]
[PlyCount "80"]
[EventDate "2001.05.19"]
[EventType "tourn"]
[EventRounds "9"]
[EventCountry "POR"]
[EventCategory "9"]
[SourceTitle "CBM 084"]
[Source "ChessBase"]
[SourceDate "2001.09.13"]
[SourceVersion "1"]
[SourceVersionDate "2001.09.13"]
[SourceQuality "1"]

1. d4 f5 2. g3 Nf6 3. Bg2 g6 4. Nh3 Bg7 5. Nf4 d6 6. d5 c6 7. c4 O-O (7... e5 {
Tyomkin,D} 8. dxe6 Na6 (8... Qe7 9. Nd2 O-O 10. O-O Bxe6 11. Nxe6 Qxe6 12. Rb1
Nbd7 (12... a5 13. b3 Na6 14. Bb2 Nc5 $11 {Seirawan}) 13. b4 {Seirawan - M.
Gurevich, Belgrad 1991-53/97} d5 14. cxd5 Nxd5 15. Qb3 N7f6 $11 {M.Gurevich})
9. Nc3 Nc5 10. O-O O-O 11. Rb1 Nxe6 $11 12. b4 Ng4 13. Bb2 Nxf4 14. gxf4 Be6
15. h3 Nf6 16. Qd3 Qe7 17. b5 Rac8 18. bxc6 bxc6 19. Rfd1 Rfd8 20. Ba3 Ne8 21.
e3 Qf7 22. Rb4 Nf6 23. Ra4 d5 $11 {Salov,V-Illescas Cordoba,M/Madrid 1996/1/
2-1/2(48)}) 8. h4 (8. Nc3 e5 {Usually black achieves equality this way;} (8...
Bd7 9. O-O Na6 10. Rb1 Qe8 11. b3 (11. b4 $5) 11... g5 12. Nh3 Ng4 13. Na4 f4
$5 14. gxf4 gxf4 15. Bxf4 Qh5 16. Bg3 Ne3 17. fxe3 Bxh3 $13 {1-0 Flear,G-Santo
Roman,M/Clichy 1993/EXT 97 (29)}) (8... a5 9. h4 Ng4 10. e4 Na6 11. exf5 Bxf5
12. Ne4 $6 Qb6 13. O-O Nc5 $15 {1/2-1/2 Norwood,D-Gurevich,D/Reykjavik 1990/
CBM 18 (45)}) 9. dxe6 Na6 10. O-O Nc5 11. Qc2 g5 12. Nfd5 $5 cxd5 13. cxd5 $44
{1-0 Kasparov,S-Lutsko,I/Minsk 2001/CB15 (32)}) (8. O-O e5 9. dxe6 Na6 10. a4
Re8 11. Nc3 Bxe6 12. Nxe6 Rxe6 13. a5 Qd7 14. Rb1 Nc5 15. b4 Nfe4 16. Na2 Na6
17. Bb2 Bxb2 18. Rxb2 Nc7 $11 {1/2-1/2 Romanishin,O-Dolmatov,S/Polanica Zdroj
1991/CBM 26 (47)}) 8... Qe8 $146 {e7-e5 is a normal way to get stable position
for black;} (8... e5 9. dxe6 Qe7 (9... Na6 10. h5 {White doesn't get too much
here with this break;} gxh5 (10... g5 11. h6 Bh8 12. Nh3 g4 13. Nf4 Qe7 $11)
11. e4 $6 fxe4 12. Nxh5 Bxe6 13. Nxg7 Bg4 14. Qd2 Rf7 15. O-O Rxg7 16. b4 Qe7
17. Bb2 Rf8 18. Qc3 d5 $17 {0-1 Marzolo,C-Anic,D/FRA 1998/CBM 64 ext (40)}) 10.
h5 g5 11. h6 Bh8 12. Nh3 g4 13. Nf4 Na6 14. Qc2 Bxe6 15. Nxe6 Qxe6 $11 {
0-1 Bodicker,R-Ragozin,E/Vlissingen NED 1999 (26)}) 9. Na3 $6 {[%csl Re6][%cal
Ga3c2,Gc2d4,Yb8a6,Ya6c5] Very original idea of Fernandez. White intends to
move the knight to d4 via c2 and then to e6; But, in general, black has a
strong control over e6, especially after moving the knight b8 to c5 or c7;} ({
After normal:} 9. Nc3 {black would have the same e7-e5:} e5 10. dxe6 Bxe6 11.
h5 Bxc4 12. hxg6 hxg6 13. Qxd6 Na6 $11) 9... Na6 10. O-O Bd7 11. Rb1 Nc5 12.
Nc2 Nfe4 13. Nd4 {Finally, white knight has arrived to d4, but black is all
developed and can get an initiative by 13...cxd5, while 14.cxd5 leads to black
advantage-see 13..cxd5;} h6 $2 {Missing the chance;} (13... cxd5 14. Nxd5 (14.
cxd5 Ba4 15. Nc2 Rc8 $17 {[%csl Rc2][%cal Ya4d1]}) 14... Rc8 $15 {[%cal Ge7e6]}
15. b4 $140 Na4 $17 {[%cal Ra4c3]}) 14. Bxe4 fxe4 (14... Nxe4 $2 15. Nde6 $16 {
[%cal Ye6f8,Ye6c7]}) 15. b4 g5 {Black could try tactical 15..Na4, but it would
have been possible after 15...g5 as well;} (15... Na4 $5 16. Nfe6 $1 (16. Qxa4
Bxd4 $15) 16... cxd5 (16... Nc3 17. Nxg7 Kxg7 18. Bxh6+ $1 {[%cal Gd1c1]}) 17.
Nxg7 $1 (17. Nxf8 Kxf8 $17 {[%cal Gd5c4,Ra4c3]}) 17... Kxg7 18. cxd5 Rc8 (18...
Nc3 $2 19. Bxh6+ $1 {[%cal Rd1c1]}) 19. Qd2 $11) (15... e5 16. dxe6 (16. bxc5
exf4 $17) 16... Nxe6 17. Ndxe6 Bxe6 18. Bb2 Bxb2 19. Rxb2 Bxc4 20. Qxd6 $11)
16. Ng2 (16. hxg5 hxg5 17. bxc5 gxf4 $17) 16... Na6 (16... Na4 17. Qxa4 Bxd4
18. Qd1 Bf6 $11) 17. hxg5 hxg5 18. Bxg5 c5 {Black could just try to take back
a pawn, probably getting balance that way;} (18... cxd5 19. cxd5 Nc7 20. Nf4
Qf7 21. Nb3 Be5 $11 {[%cal Ge5f4,Yc7d5]}) 19. Ne6 (19. bxc5 Nxc5 20. Nf4 $14)
19... Bxe6 20. dxe6 Rf5 $1 {[%cal Yf5d5,Gf5g5]} (20... cxb4 21. Qd5 $16) (20...
Nxb4 21. a3 Nc6 22. Rxb7 $16 {[%csl Re7][%cal Gg2f4]}) 21. Bh4 cxb4 22. Ne3 Rh5
$2 {After 22...Rh5 black is not able to protect all weaknesses over the
kingside; 22..Re5 could keep the struggle on;} (22... Re5 $142 23. a3 $1 b3 $1
(23... bxa3 $2 24. Rxb7 $16) 24. Nd5 Rxe6 25. Rxb3 Rb8 26. f4 exf3 27. Rbxf3
$14 {there is some pressure of white over the kingside;}) 23. Nd5 Rxh4 {
The best chance.} (23... Bf8 24. e3 Rh6 25. f4 $1 exf3 26. Qxf3 $16 Rxe6 $140
27. Bxe7 $1 Bg7 (27... Bxe7 28. Qg4+ Rg6 29. Nxe7+ $18) (27... Rxe7 28. Nf6+
$18) 28. Bf6 Qf7 29. Qg4 $18 {[%cal Gf1f4,Yb1f1]}) 24. gxh4 Qg6+ 25. Kh1 Qxe6 (
25... Qg4 26. Rb3 $1 {[%cal Gb3g3]}) 26. Nf4 Qg4 (26... Qxc4 27. Rg1 Kh7 (27...
Kf7 $2 28. e3 {[%cal Gd1h5]}) 28. e3 (28. Qd5 Qxd5 29. Nxd5 Rf8 $132) 28... Qf7
$8 29. Rg6 $1 {[%cal Gd1h5]} Qf5 30. Rg5 Qf7 31. Qh5+ Qxh5 32. Rxh5+ Kg8 (32...
Bh6 33. Rg1 $18 {[%cal Gg1g6]}) 33. Rg1 $18 {[%cal Gh5g5,Rf4e6]}) 27. Qd5+ Kh8
28. Qg5 Qxg5 29. hxg5 $18 Rc8 $6 {It lets white to finish the game by direct
attack on black king.} (29... Kg8 30. Nd5 Kf7 31. Nxb4 Rh8+ 32. Kg2 Rh5 33. f4
$18) 30. Ng6+ Kh7 31. Nxe7 Rxc4 32. g6+ {Black king is in a big trouble now;}
Kh6 (32... Kh8 33. Kg2 $18 {[%cal Gf1h1]}) 33. Nf5+ (33. Rg1 {[%cal Re7f5]} Rc5
34. Rg4 {[%csl Re4][%cal Gh1g2,Yb1h1]}) 33... Kxg6 34. Nxd6 Rc2 35. Rg1+ Kh7
36. Nf5 {[%csl Rh7]} Bf6 (36... Bf8 37. Rbd1 Rc7 38. Rg5 {[%cal Gh1g2]} Bh6 39.
Rg4 $18 {[%cal Gf5h6,Yh1g2]}) 37. Rg3 Be5 38. Rg4 Rc3 39. e3 (39. Kg2 $1 {
mating immediatly;}) 39... Rc6 40. Rbg1 Bf6 (40... Bf6 41. R1g3 {[%cal Gg3h3]})
1-0

[Event "Perenyi Memorial"]
[Site "Gyula"]
[Date "2000.01.30"]
[Round "7"]
[White "Lauber, Arnd"]
[Black "Danner, Georg"]
[Result "0-1"]
[WhiteElo "2416"]
[BlackElo "2443"]
[Annotator "Tyomkin,D"]
[PlyCount "80"]
[EventDate "2000.01.24"]
[EventType "tourn"]
[EventRounds "13"]
[EventCountry "HUN"]
[EventCategory "9"]
[SourceTitle "CBM 076"]
[Source "ChessBase"]
[SourceDate "2000.05.31"]
[SourceVersion "1"]
[SourceVersionDate "2000.05.31"]
[SourceQuality "1"]

1. d4 f5 2. g3 g6 3. Bg2 Nf6 4. c4 d6 5. Nc3 Bg7 6. Nh3 c6 $1 {Gives black a
good play in all cases.} (6... Nc6 7. d5 Ne5 8. Nf4 O-O 9. b3 (9. Qb3 c5 10.
O-O Rb8 11. Bd2 a6 12. a4 Bd7 13. Rae1 $14 {0-1 Toth,B-Solonar,S/Badenweiler
GER 1995 (44)}) 9... Ne4 10. Nxe4 fxe4 11. Bxe4 $5 Nf3+ 12. exf3 Bxa1 13. Qd3
$40 {[%csl Ra8,Rc8,Rg8][%cal Gh2h4,Gh4h5] 1-0 Kasparov Gary-Gershon,A/Simultan
Tel Aviv ISR 1994 (46) White gets strong attack on the kingside.It's not clear
how black can avoid killing advance of h-pawn without any damage.}) (6... e6 7.
O-O O-O 8. b3 Qe7 9. Ba3 Ne4 $6 (9... Nc6 $142 {[%cal Ge6e5]}) 10. Nxe4 fxe4
11. Nf4 e5 12. Nd5 Qd8 13. Bb2 $16 {[%csl Re4] 1-0 Knott,S-Levitt,J/4NCL,
Birmingham ENG 1998 (32)}) 7. Bg5 $146 ({The most logical continuation, which
doesn't lead to white's advantage too:} 7. d5 e5 $1 8. dxe6 Bxe6 9. Qb3 $142 (
9. Qd3 $6 Na6 10. Bf4 Nb4 11. Qd1 Bxc4 12. Bxd6 Nfd5 $17 {0-1 Demirel,
T-Ibragimov,I/Katerini GP 1993 (26)}) (9. Qd4 $6 Qe7 10. Ng5 $2 Ne4 11. Qe3
Nxg5 12. Qxg5 Qxg5 13. Bxg5 Bxc4 $17 {0-1 Arencibia,W-Knezevic,M/Havana 1985 
(51)}) (9. Bf4 Bxc4 10. Qxd6 Qxd6 11. Bxd6 Na6 {1/2-1/2 Seul,G-Schulz,K/
Germany 1994/GER-chT (11)}) 9... Qe7 $142 (9... Qc7 10. Bf4 Nbd7 11. Ng5 Bg8
12. Rd1 Bf8 (12... Ne5 13. Rxd6 $1 {[%csl Rb7]}) 13. O-O Nh5 14. Bc1 h6 15. Nh3
Nc5 16. Qc2 Bxc4 17. b3 Be6 18. e4 $36 {1-0 Estremera Panos Sergio-Ochoa de
Echaguen Fra/ch ESP tt 1995 (30)}) 10. Ng5 Bc8 (10... Bg8 $5 11. O-O h6 12. Nh3
Na6 {[%cal Ga6c5]}) 11. h4 Nbd7 12. Bf4 Ne5 13. O-O-O h6 14. Nh3 Be6 15. e4 $5
O-O $1 {Simply good.} 16. exf5 Bxf5 17. c5+ d5 18. Bxe5 Qxe5 $15 {0-1 Franco,
Z-Sanz Alonso Fracisco J/Sevilla ESP 1992 (34)}) (7. Nf4 $6 e5 8. dxe5 dxe5 9.
Qxd8+ Kxd8 10. Nd3 e4 11. Nf4 g5 12. Nh3 h6 $15 {0-1 Helbig,P-Conquest,S/
Hastings Challengers 1989 (40)}) 7... O-O $6 (7... e5 $6 8. dxe5 dxe5 9. Qxd8+
Kxd8 10. e4 $14) (7... h6 $142 8. Bxf6 Bxf6 {[%cal Gg6g5,Ge7e5]} 9. Nf4 {
Otherwise black would cut out the knight by e7-e5 or g6-g5.} Qb6 10. O-O $1 {
White will get better development in compensation for sacrificed pawn.}) 8. Qd2
Qe8 9. O-O (9. d5 $142 $5 e5 $140 $6 (9... Na6 $142 {[%cal Ga6c5]}) 10. dxc6 {
[%csl Rd5,Rd6]}) 9... Na6 10. Rae1 $6 {Still it was better to prevent e7-e5,
but white intends to meet e7-e5 by e2-e4,missing one blacks idea.} (10. d5 $142
) 10... e5 11. d5 c5 12. Bh6 Nc7 13. e4 $6 {[%cal Gf2f4] I guess, white enjoed
its position: f2-f4 is coming,but...} f4 $1 {This positional pawn sacrifice
leads to the great position of black.} 14. Bxg7 Kxg7 15. gxf4 Bxh3 16. fxe5 (
16. Bxh3 Nh5 17. f5 Nf4 18. Qe3 b5 $1 {[%cal Ga8b8] with an initiative on both
wings.}) 16... Qxe5 17. Bxh3 Nh5 {[%csl Rd4,Re5,Rf4] Permanent control over
black squares, f4-outpost and the pressure over f-file is more than enough
compensation for the pawn.} 18. Ne2 {[%cal Rf2f4]} Nf4 19. Nxf4 Rxf4 (19...
Qxf4 $2 20. Qxf4 Rxf4 21. e5) 20. Bg2 Ne8 21. Qc3 $6 {Dubius decision of white.
In forthcoming ending all pawns of white are blocked or doubled or just weak.}
(21. b4 $5 {trying to get some counterplay.}) 21... Qxc3 22. bxc3 Kf6 $1 {
[%csl Ge5] Moving the king to the eternal outpost e5.} 23. f3 Ke5 24. Rb1 Rb8 (
24... b6 $6 25. a4 $132 {[%cal Ga4a5]}) 25. Rb2 g5 26. Rfb1 Rf7 {[%cal Ge8g7,
Gg7h5]} 27. h4 gxh4 28. f4+ Rxf4 29. Rxb7 Rxb7 30. Rxb7 Rf8 (30... Nf6 $4 31.
Re7#) 31. Rxh7 Nf6 32. Rxa7 Kf4 33. Re7 Ng4 34. Bf1 Ne5 35. a4 $2 {Still it
wasn't too late to save the game:} (35. Rh7 Kg3 36. Rg7+ Kf4 37. Rh7 $11) 35...
Rb8 36. Rh7 Kg3 37. Rg7+ Ng4 38. Rh7 (38. e5 Rb1 39. exd6 h3 40. Rf7 (40. Rxg4+
Kxg4 41. Kf2 h2 42. Bg2 Rb2+ 43. Kf1 Kg3 $19) 40... h2+ 41. Kh1 Nf2+ 42. Rxf2
Kxf2 43. Kxh2 Kxf1 $19) 38... Rb1 $19 39. a5 Ra1 40. e5 Nxe5 (40... Nxe5 41.
Rg7+ Ng4 {[%cal Rh4h3]} 42. Rh7 Rxa5 $19) 0-1